书目信息 |
| 题名: |
无机化学
|
|
| 作者: | ;人民教育出版社高教用书编辑部组织 选编 | |
| 分册: | 上册 | |
| 出版信息: | 北京 人民教育出版社 1962 |
|
| 页数: | 190页 | |
| 开本: | 21cm | |
| 丛书名: | ||
| 单 册: | ||
| 中图分类: | O61 | |
| 科图分类: | ||
| 主题词: | 无机化学 | |
| 电子资源: | ||
| ISBN: | ||
| 000 | 00727nam0 2200217 450 | |
| 001 | 0635326898 | |
| 005 | 20060816112254.34 | |
| 010 | @dCNY0.60 | |
| 091 | @aK13010.966 | |
| 100 | @a20060418d1962 km y0chiy0120 ea | |
| 101 | 0 | @achi |
| 102 | @aCN@b110000 | |
| 200 | 1 | @a无机化学@Awu ji hua xue@h上册@f人民教育出版社高教用书编辑部组织选编@Fren min jiao yu chu ban she gao jiao yong shu bian ji bu zu zhi xuan bian |
| 210 | @a北京@c人民教育出版社@d1962 | |
| 215 | @a190页@d21cm | |
| 300 | @a高等学校教材 | |
| 606 | 0 | @a无机化学 |
| 690 | @aO61@v3 | |
| 711 | 0 | @a人民教育出版社高教用书编辑部组织@Aren min jiao yu chu ban she gao jiao yong shu bian ji bu zu zhi@4选编 |
| 801 | 0 | @aCN@bPFT@c20060816 |
| 905 | @a10447@dO61@e104:1=2 | |
| 无机化学.上册/人民教育出版社高教用书编辑部组织选编.-北京:人民教育出版社,1962 |
| 190页;21cm |
| 高等学校教材 |
| ISBN :CNY0.60 |
| ● |
| 相关链接 |
|
|
|
|
正题名:无机化学
索取号:O61/104:1=2
 
预约/预借
| 序号 | 登录号 | 条形码 | 馆藏地/架位号 | 状态 | 备注 |
| 1 | 0461871 | 204618716 | 密集书库/ [索取号:O61/104:1=2] | 在馆 |